000
00194 a2200085 4500
020
_a
9772951003003
100
_a
Lee
245
_a
A + Plus: Small Competition & Project, Vol. 4
260
_b
K-on Book
999
_c
13445
_d
13445